Statistiques concernant Les rois de France dans l'ordre - Click Quiz

Cliquez ici pour prendre le quiz!

Statistiques générales

  • Ce quiz a été pris 167 fois
  • Le résultat moyen est 17 sur 35

Statistiques - réponses

HintRéponse% Correct
987-996Hugues Capet
92%
1643-1715Louis XIV
69%
1774-1791Louis XVI
67%
1814-1815; 1815-1824Louis XVIII
67%
1715-1774Louis XV
66%
1610-1643Louis XIII
65%
1515-1547François I
58%
1589-1610Henri IV
58%
1824-1830Charles X
55%
1574-1589Henri III
49%
1180-1223Philippe II
48%
1322-1328Charles IV
47%
1422-1461Charles VII
47%
996-1031Robert II
47%
1559-1560François II
46%
1060-1108Philippe I
46%
1380-1422Charles VI
45%
1328-1350Philippe VI
45%
1482-1498Charles VIII
43%
1547-1559Henri II
43%
1461-1483Louis XI
43%
1364-1380Charles V
42%
1316Jean I
42%
1226-1270Louis IX
42%
1031-1060Henri I
41%
1350-1364Jean II
41%
1270-1285Philippe III
41%
1498-1515Louis XII
40%
1285-1314Philippe IV
40%
1314-1316Louis X
39%
1316-1322Philippe V
39%
1108-1137Louis VI
37%
1137-1180Louis VII
37%
1223-1226Louis VIII
37%
1560-1574Charles IX
36%

Distribution des résultats

Percentile par nombre de réponses

% des personnes avec chaque résultat

Votre développement - résultats

Vous n’avez pas pris ce quiz